The design process
Saved in:
| Main Author: | |
|---|---|
| Format: | Book |
| Language: | English |
| Published: |
Fairchild Publishers
2006.
|
| Tags: |
Add Tag
No Tags, Be the first to tag this record!
|
MARC
| LEADER | 00000nam a22000007a 4500 | ||
|---|---|---|---|
| 008 | 210126b ||||| |||| 00| 0 eng d | ||
| 020 | |a 1-56367-412-2 | ||
| 100 | |a ASPELUND, Karl. | ||
| 245 | |a The design process |c Karl Aspelund | ||
| 260 | |b Fairchild Publishers |c 2006. |d Books |h New York |i 691304 |l NK1520 .As6 |m Design – Metholodogy | ||
| 500 | |a “It includes index” | ||
| 942 | |a lcc |c BK |e Adekanye I. H. |f 26/01/2021 | ||
| 952 | |0 0 |1 0 |2 lcc |4 0 |6 NK1520 A S6 |7 0 |9 1917 |a HOL |b HOL |c LP |d 2021-01-26 |l 0 |o NK1520 .As6 |p 2021-5782 |r 2021-01-26 00:00:00 |w 2021-01-26 |y BK | ||
| 999 | |c 1011 |d 1011 | ||